000 00266nam a22001097a 4500
008 170120b xxu||||| |||| 00| 0 eng d
020 _a9781608316144
041 _aeng
080 _a618.2
245 _aNURSING 2011 DRUG GUIDE HANDBOOK
_cBURGHARDT, CH
942 _2udc
_cBK
999 _c3286
_d3286